| 000 | 00939nas a2200301 4500 | ||
|---|---|---|---|
| 001 | BR9701390 | ||
| 003 | BR-BrBNA | ||
| 005 | 20231205100036.0 | ||
| 007 | ta | ||
| 008 | 230509b bl.|||p| |||| 00| 00por d | ||
| 040 |
_aBR-BrBNA _bpor _cBiblioteca Nacional de Agricultura |
||
| 041 | _a(Pt) | ||
| 072 | _aL53 | ||
| 100 | 1 | _aRezende, A.P.S. | |
| 100 | 1 | _aAlves, C.B.M. | |
| 100 | 1 | _aSilva, M.O.B. | |
| 100 | 1 | _aMello, C.B.M. | |
| 245 | 1 | _aAvaliacao da maturacao gonadal e inducao da reproducao de peixes coletados no Rio Grande, a jusante da UHE Itutinga, MG | |
| 650 | _aCurimata | ||
| 650 | _aPiapara | ||
| 650 | _aPiau | ||
| 650 | _aMaturidade | ||
| 650 | _aReproducao Animal | ||
| 650 | _aMinas Gerais | ||
| 773 | 0 |
_tArquivo Brasileiro de Medicina Veterinaria e Zootecnia (Brazil) _xISSN 0102-0935 _g(Mar 1996), v. 48(Supl. 1) p. 39-46 _wBR9701390 |
|
| 909 |
_a202311 _bLúcia _c55 _dLúcia Elande |
||
| 942 |
_2AGRIS _n0 _cANA |
||
| 999 |
_c154077 _d154077 |
||